[Event " Blitz RR (Sep 2016) 1400-1799"]
[Site "SchemingMind.com"]
[Date "2016.08.17"]
[Round "-"]
[White "Quaff"]
[Black "Wojtek26"]
[Result "1/2-1/2"]
[WhiteCountry "ENG"]
[BlackCountry "POL"]
[WhiteElo "1587"]
[WhiteRD "61"]
[BlackElo "1469"]
[BlackRD "44"]
[GameID "402684"]

1. e4 e5 2. Nf3 Nc6 3. Bc4 Nf6 4. d3 Bc5 5. c3 O-O 6. Bg5 d6 7. h3 h6 8. Bh4 a6 9. b4 Bb6 10. a4 a5
11. b5 Nb8 12. Nh2 Be6 13. Nd2 g5 14. Bg3 Bxc4 15. Nxc4 Nbd7 16. Ng4 Kg7 17. Qf3 Nxg4 18. Qxg4 Nc5 19. Qe2 f5 20. O-O f4
21. Bh2 Qf6 22. Nxb6 cxb6 23. f3 Rac8 24. c4 Nb3 25. Rab1 Nd4 26. Qd2 h5 27. Kh1 h4 28. Bg1 Rf7 29. Bxd4 exd4 30. Kh2=
1/2-1/2

[Event " Blitz RR (Sep 2016) 1400-1799"]
[Site "SchemingMind.com"]
[Date "2016.08.17"]
[Round "-"]
[White "Wojtek26"]
[Black "Quaff"]
[Result "1-0"]
[WhiteCountry "POL"]
[BlackCountry "ENG"]
[WhiteElo "1469"]
[WhiteRD "44"]
[BlackElo "1587"]
[BlackRD "61"]
[GameID "402685"]

1. e4 e5 2. Nf3 Nc6 3. Bb5 d6 4. O-O Bd7 5. Nc3 a6 6. Ba4 Nf6 7. d3 h6 8. Ne2 Be7 9. Ng3 Na7 10. Bxd7+ Qxd7
11. Nf5 O-O 12. N3h4 Kh7 13. Qd2 Nc6 14. Nxh6 Nxe4 15. dxe4 Bxh4 16. Nf5 Bf6 17. Qe3 Rh8 18. Qh3+ Kg8 19. Nh6+
1-0

[Event " Blitz RR (Sep 2016) 1400-1799"]
[Site "SchemingMind.com"]
[Date "2016.08.18"]
[Round "-"]
[White "Quaff"]
[Black "emvarela"]
[Result "0-1"]
[WhiteCountry "ENG"]
[BlackCountry "ARG"]
[WhiteElo "1600"]
[WhiteRD "65"]
[BlackElo "1728"]
[BlackRD "49"]
[GameID "402709"]

1. e4 e5 2. Nf3 Nc6 3. Bc4 Bc5 4. c3 Qe7 5. d3 h6 6. b4 Bb6 7. a4 a5 8. b5 Na7 9. h3 c6 10. Ba3 d6
11. Nbd2 Be6 12. Bb3 cxb5 13. axb5 Nf6 14. O-O Nxb5 15. c4 Nxa3 16. Rxa3 Bc5 17. Ra1 Bb4 18. Nh2 Nd7 19. f4 Bxd2 20. Qxd2 exf4
21. Rxf4 Nc5 22. Ba2 O-O 23. Ng4 Bxg4 24. Rxg4 Qe6 25. Rf1 Kh7 26. Rf3 f5 27. exf5 Rxf5 28. Rgf4 Rxf4 29. Qxf4 Re8 30. Bb1 Qe1+
31. Rf1 Qe3+ 32. Qxe3 Rxe3 33. d4+ Ne4 34. d5 Kg8 35. Bc2 Ng3 36. Rb1 Re7 37. Rb6 Ne2+ 38. Kh2 Nd4 39. Ba4 Nf5 40. Kg1 Ne3
41. Bb5 a4 42. Bxa4 Nxc4 43. Rb4 Ne3 44. Rd4 Rf7 45. Bb3 Rf1+ 46. Kh2 Rf2
0-1

[Event " Blitz RR (Sep 2016) 1400-1799"]
[Site "SchemingMind.com"]
[Date "2016.08.19"]
[Round "-"]
[White "emvarela"]
[Black "Quaff"]
[Result "0-1"]
[WhiteCountry "ARG"]
[BlackCountry "ENG"]
[WhiteElo "1712"]
[WhiteRD "48"]
[BlackElo "1587"]
[BlackRD "61"]
[GameID "402710"]

1. e4 e5 2. Nf3 d6 3. d4 Bg4 4. dxe5 Bxf3 5. Qxf3 dxe5 6. Bd3 Nf6 7. Bg5 Be7 8. Bxf6 Bxf6 9. Nc3 a6 10. O-O-O Nd7
11. g3 O-O 12. Nd5 c6 13. Nxf6+ Qxf6 14. Qxf6 Nxf6 15. h3 b5 16. f4 exf4 17. gxf4 Ne8 18. e5 Nc7 19. Be4 Ne6 20. Bxc6 Rad8
21. f5 Nc5 22. b4 Na4 23. Rxd8 Rxd8 24. e6 fxe6 25. fxe6 Kf8 26. Rf1+ Ke7 27. Bd7 Rxd7 28. exd7 Kxd7 29. Rf7+ Ke6 30. Rxg7 Nc3
31. a3 Ne2+ 32. Kd2 Nf4 33. Rxh7 Kf6 34. Rh6+ Ke5 35. Rxa6 Nxh3
0-1

[Event " Blitz RR (Sep 2016) 1400-1799"]
[Site "SchemingMind.com"]
[Date "2016.08.19"]
[Round "-"]
[White "emvarela"]
[Black "Wojtek26"]
[Result "0-1"]
[WhiteCountry "ARG"]
[BlackCountry "POL"]
[WhiteElo "1712"]
[WhiteRD "48"]
[BlackElo "1469"]
[BlackRD "44"]
[GameID "402711"]

1. e4 e5 2. Nf3 Nc6 3. Bb5 Nge7 4. O-O g6 5. c3 Bg7 6. Bxc6 dxc6 7. d3 O-O 8. Be3 Bg4 9. h3 Bxf3 10. gxf3 f5
11. exf5 Nxf5 12. Qd2 Nxe3 13. fxe3 Qh4 14. Qg2 Rf5 15. Kh2 Raf8 16. Nd2 Bh6 17. Rae1 Rg5 18. Qf2 Qa4 19. Ne4 Rgf5 20. Qh4 Bg7
21. a3 Qc2+ 22. Re2 Qxe2+
0-1

[Event " Blitz RR (Sep 2016) 1400-1799"]
[Site "SchemingMind.com"]
[Date "2016.08.18"]
[Round "-"]
[White "Wojtek26"]
[Black "emvarela"]
[Result "0-1"]
[WhiteCountry "POL"]
[BlackCountry "ARG"]
[WhiteElo "1469"]
[WhiteRD "44"]
[BlackElo "1712"]
[BlackRD "48"]
[GameID "402712"]

1. d4 Nf6 2. c4 g6 3. Nf3 Bg7 4. e3 d6 5. Be2 O-O 6. O-O c5 7. d5 e6 8. Nc3 a6 9. dxe6 Bxe6 10. Qc2 Nc6
11. a3 Ne5 12. Nxe5 dxe5 13. Ne4 Nxe4 14. Qxe4 Qc7 15. b3 Bf5 16. Qh4 Rad8 17. e4 Rd4 18. f3 Be6 19. Be3 Rd7 20. Rad1 f5
21. Rxd7 Bxd7 22. Rd1 Be6 23. Bg5 f4 24. Bd8 Qc6 25. Be7 Re8 26. Rd6 Qc8 27. Rd8 Rxd8 28. Bxd8 Qd7 29. Qe7 Bf8 30. Qxd7 Bxd7
31. Bc7 Bg7
0-1

[Event " Blitz RR (Sep 2016) 1400-1799"]
[Site "SchemingMind.com"]
[Date "2016.08.23"]
[Round "-"]
[White "Quaff"]
[Black "Simon Green"]
[Result "1/2-1/2"]
[WhiteCountry "ENG"]
[BlackCountry "ENG"]
[WhiteElo "1587"]
[WhiteRD "61"]
[BlackElo "1615"]
[BlackRD "58"]
[GameID "402809"]

1. e4 e6 2. f4 d5 3. e5 c5 4. Nf3 Be7 5. c3 Nc6 6. Bb5 Bd7 7. O-O Qb6 8. Bxc6 Bxc6 9. d3 Nh6 10. h3 Nf5
11. Na3 c4+ 12. d4 Bxa3 13. bxa3 O-O 14. Bd2 Qb2 15. Qc1 Qxc1 16. Rfxc1 Ng3 17. Kh2 Ne4 18. Be1 f5 19. Nd2 Nxd2 20. Bxd2 Ba4
21. Rab1 b6 22. Rb4 b5 23. g4 g6 24. g5 a5 25. Rbb1 Ra7 26. h4 Kg7 27. Kg3 h5 28. Rb2 Rb7=
1/2-1/2

[Event " Blitz RR (Sep 2016) 1400-1799"]
[Site "SchemingMind.com"]
[Date "2016.08.23"]
[Round "-"]
[White "Simon Green"]
[Black "Quaff"]
[Result "1-0"]
[WhiteCountry "ENG"]
[BlackCountry "ENG"]
[WhiteElo "1615"]
[WhiteRD "58"]
[BlackElo "1587"]
[BlackRD "61"]
[GameID "402810"]

1. d4 c6 2. e3 d5 3. f4 Nf6 4. Bd3 Bg4 5. Nf3 e6 6. O-O Be7 7. Nbd2 Nbd7 8. Qe1 h5 9. Ne5 Nxe5 10. fxe5 Nd7
11. e4 Qc7 12. exd5 cxd5 13. c3 Bg5 14. Qf2 O-O 15. h3 Bf5 16. Bxf5 exf5 17. Qxf5 Bxd2 18. Bxd2 g6 19. Qg5 Rfe8 20. Qh6 Nf8
21. Bg5 Nh7 22. Bf6 Nxf6 23. exf6 Qd6 24. Qg7#
1-0

[Event " Blitz RR (Sep 2016) 1400-1799"]
[Site "SchemingMind.com"]
[Date "2016.08.23"]
[Round "-"]
[White "emvarela"]
[Black "Simon Green"]
[Result "1/2-1/2"]
[WhiteCountry "ARG"]
[BlackCountry "ENG"]
[WhiteElo "1712"]
[WhiteRD "48"]
[BlackElo "1615"]
[BlackRD "58"]
[GameID "402811"]

1. e4 e6 2. d4 d5 3. Nc3 Nf6 4. e5 Nfd7 5. f4 c5 6. Be3 Nc6 7. Nf3 c4 8. a3 Be7 9. Qd2 f5 10. exf6 Nxf6
11. Ne5 Nxe5 12. fxe5 Nd7 13. O-O-O O-O 14. Be2 Qa5 15. Nb1 Qxd2+ 16. Nxd2 b5 17. c3 a5 18. Rhf1 Nb6 19. Rxf8+ Bxf8 20. g4 Bd7
21. h4 Be7 22. g5 g6 23. Rf1 Rf8 24. Rxf8+ Bxf8 25. h5 a4 26. hxg6 hxg6 27. Bg4 Kf7 28. Nf3 Nc8 29. Nh4 Ne7 30. Kd2 Nf5
31. Nxf5 exf5 32. Bf3 Be6 33. Bf4 Bg7=
1/2-1/2

[Event " Blitz RR (Sep 2016) 1400-1799"]
[Site "SchemingMind.com"]
[Date "2016.08.22"]
[Round "-"]
[White "Simon Green"]
[Black "emvarela"]
[Result "0-1"]
[WhiteCountry "ENG"]
[BlackCountry "ARG"]
[WhiteElo "1615"]
[WhiteRD "58"]
[BlackElo "1712"]
[BlackRD "48"]
[GameID "402812"]

1. d4 Nf6 2. e3 g6 3. Bd3 Bg7 4. f4 O-O 5. Nf3 d6 6. O-O Bg4 7. Nbd2 c5 8. c3 cxd4 9. cxd4 Nc6 10. a3 a6
11. Qe1 Bxf3 12. Nxf3 Qd7 13. Bd2 Rac8 14. Bc3 Nd5 15. h3 Nxc3 16. bxc3 Na5 17. Rb1 b5 18. Nd2 Rc7 19. Nb3 Nxb3 20. Rxb3 e5
21. fxe5 dxe5 22. Rb4 exd4 23. exd4 Qc6 24. Rb3 Re8 25. Qd2 Qe6 26. Qc2 Bxd4+ 27. Kh2 Qe5+ 28. g3 Rxc3 29. Rxc3 Bxc3 30. Rf4 Ba5
31. Re4 Qb8 32. Qc6 Rd8 33. Be2 Bc7 34. Re3 Qb6 35. Re8+ Rxe8 36. Qxe8+ Kg7
0-1

[Event " Blitz RR (Sep 2016) 1400-1799"]
[Site "SchemingMind.com"]
[Date "2016.08.22"]
[Round "-"]
[White "Simon Green"]
[Black "Wojtek26"]
[Result "1-0"]
[WhiteCountry "ENG"]
[BlackCountry "POL"]
[WhiteElo "1615"]
[WhiteRD "58"]
[BlackElo "1469"]
[BlackRD "44"]
[GameID "402813"]

1. d4 d5 2. e3 e6 3. Bd3 Nf6 4. f4 Bb4+ 5. c3 Bd6 6. Nf3 O-O 7. O-O Nbd7 8. Nbd2 c5 9. Qe1 c4 10. Bc2 b5
11. Ne5 Bxe5 12. fxe5 Ne8 13. e4 f6 14. exf6 Nexf6 15. e5 Ne8 16. Rxf8+ Kxf8 17. Bxh7 g6 18. Bxg6 Qg5 19. Bc2 Qg7 20. Nf3 Nc7
21. Qh4 Ke8 22. Bh6 Qe7 23. Bg6+
1-0

[Event " Blitz RR (Sep 2016) 1400-1799"]
[Site "SchemingMind.com"]
[Date "2016.08.22"]
[Round "-"]
[White "Wojtek26"]
[Black "Simon Green"]
[Result "0-1"]
[WhiteCountry "POL"]
[BlackCountry "ENG"]
[WhiteElo "1469"]
[WhiteRD "44"]
[BlackElo "1615"]
[BlackRD "58"]
[GameID "402814"]

1. d4 e6 2. c4 d5 3. e3 Nf6 4. Nf3 Bb4+ 5. Bd2 Bxd2+ 6. Nbxd2 c6 7. Be2 O-O 8. cxd5 cxd5 9. O-O Nbd7 10. Rc1 b6
11. Ne5 Nxe5 12. dxe5 Nd7 13. f4 f5 14. exf6 Nxf6 15. Nf3 Bb7 16. Ne5 Rc8 17. Qa4 a5 18. f5 Rxc1 19. Rxc1 Qe7 20. Bf3 exf5
21. Qd4 Ne4 22. Bxe4 fxe4 23. Qc3 h6 24. Qc7 Qxc7 25. Rxc7 Ba6 26. Rd7 Rf1#
0-1

[Event " Blitz RR (Sep 2016) 1400-1799"]
[Site "SchemingMind.com"]
[Date "2016.08.23"]
[Round "-"]
[White "Quaff"]
[Black "Andreas Flato"]
[Result "0-1"]
[WhiteCountry "ENG"]
[BlackCountry "GER"]
[WhiteElo "1587"]
[WhiteRD "61"]
[BlackElo "1887"]
[BlackRD "98"]
[GameID "402848"]

1. e4 e5 2. Nf3 d6 3. Bc4 Be7 4. c3 Nf6 5. d3 O-O 6. Be3 Be6 7. Bb3 Nc6 8. h3 Qd7 9. Nbd2 h6 10. g4 d5
11. exd5 Nxd5 12. Qc2 Nxe3 13. fxe3 Bxb3 14. Nxb3 f5 15. Qg2 Qxd3 16. Qd2 Qe4
0-1

[Event " Blitz RR (Sep 2016) 1400-1799"]
[Site "SchemingMind.com"]
[Date "2016.08.23"]
[Round "-"]
[White "Andreas Flato"]
[Black "Quaff"]
[Result "1-0"]
[WhiteCountry "GER"]
[BlackCountry "ENG"]
[WhiteElo "1887"]
[WhiteRD "98"]
[BlackElo "1587"]
[BlackRD "61"]
[GameID "402849"]

1. e4 e5 2. Bc4 d6 3. Nf3 h6 4. O-O Bg4 5. d3 a6 6. a3 Nc6 7. Be3 Nf6 8. h3 Bh5 9. Nbd2 Be7 10. c3 Na5
11. Ba2 b5 12. b4 Nc6 13. a4 Na7 14. Qb3 c6 15. g4 Bg6 16. Nh4 d5 17. Nxg6 fxg6 18. a5 O-O 19. f4 exf4 20. Rxf4 Kh7
21. e5 Nd7 22. Rxf8 Bxf8 23. Bf4 g5 24. Bg3 Be7 25. d4 Qg8 26. Qc2+ g6 27. Rf1 Rf8 28. Bb1 Rxf1+ 29. Nxf1 Qf7 30. Kg2 Nf8
31. Ne3 Kg7 32. Nf5+ gxf5 33. gxf5 Kg8 34. Qe2 Nc8 35. f6 Bd8 36. Qg4 Na7 37. h4 Nh7 38. Bf5 Kh8 39. h5 Nf8 40. e6
1-0

[Event " Blitz RR (Sep 2016) 1400-1799"]
[Site "SchemingMind.com"]
[Date "2016.08.23"]
[Round "-"]
[White "Andreas Flato"]
[Black "emvarela"]
[Result "1-0"]
[WhiteCountry "GER"]
[BlackCountry "ARG"]
[WhiteElo "1887"]
[WhiteRD "98"]
[BlackElo "1712"]
[BlackRD "48"]
[GameID "402850"]

1. e4 e5 2. Nf3 Nc6 3. Bc4 Bc5 4. O-O Nf6 5. d3 d6 6. h3 h6 7. c3 Qe7 8. b4 Bb6 9. a4 a5 10. b5 Na7
11. Nbd2 c6 12. Ba3 cxb5 13. axb5 Be6 14. Rb1 Bxc4 15. Nxc4 Bc5 16. Bxc5 dxc5 17. Nxa5 b6 18. Nc6 Nxc6 19. bxc6 Qc7 20. Qb3 Rb8
21. Qb5 O-O 22. Ra1 Ra8 23. Ra4 Rxa4 24. Qxa4 Rc8 25. Rd1 Qxc6 26. Qxc6 Rxc6 27. Nxe5 Re6 28. Ng4 Nxg4 29. hxg4 g5 30. f3 Rd6
31. Kf2 f6 32. Ke3 Kf7 33. g3 Ke6 34. c4 Ke5 35. d4+ cxd4+ 36. Rxd4 Rxd4 37. f4+ gxf4+ 38. gxf4+ Kd6 39. Kxd4 Ke6 40. c5 bxc5+
41. Kxc5 Kd7 42. Kd5 Ke7 43. e5 fxe5 44. fxe5 Kd7 45. e6+ Ke7 46. Ke5
1-0

[Event " Blitz RR (Sep 2016) 1400-1799"]
[Site "SchemingMind.com"]
[Date "2016.08.22"]
[Round "-"]
[White "emvarela"]
[Black "Andreas Flato"]
[Result "0-1"]
[WhiteCountry "ARG"]
[BlackCountry "GER"]
[WhiteElo "1712"]
[WhiteRD "48"]
[BlackElo "1887"]
[BlackRD "98"]
[GameID "402851"]

1. e4 e6 2. d4 d5 3. Nc3 Nf6 4. e5 Nfd7 5. f4 c5 6. dxc5 Bxc5 7. Qg4 O-O 8. Bd3 f5 9. Qf3 Nc6 10. Nge2 a6
11. Na4 Ba7 12. c3 b5 13. g4 Qh4+ 14. Qg3 Qxg4 15. Qxg4 fxg4 16. Rg1 Bxg1
0-1

[Event " Blitz RR (Sep 2016) 1400-1799"]
[Site "SchemingMind.com"]
[Date "2016.08.23"]
[Round "-"]
[White "Andreas Flato"]
[Black "Simon Green"]
[Result "1-0"]
[WhiteCountry "GER"]
[BlackCountry "ENG"]
[WhiteElo "1887"]
[WhiteRD "98"]
[BlackElo "1615"]
[BlackRD "58"]
[GameID "402852"]

1. e4 e6 2. Nf3 d5 3. exd5 exd5 4. d4 Nf6 5. Be2 Be7 6. O-O O-O 7. c3 c6 8. h3 Bf5 9. Bf4 Nbd7 10. Nbd2 Ne4
11. Nxe4 Bxe4 12. Nd2 Nf6 13. Nxe4 Nxe4 14. f3 Nd6 15. Bd3 g6 16. Bh6 Re8 17. Qd2 Bf6 18. Rae1 Rxe1 19. Rxe1 Qd7 20. Qf4 Bh8
21. b3 Nb5 22. Bxb5 cxb5 23. Qg5 f6 24. Qe3 Bg7 25. Bxg7 Kxg7 26. Qe7+ Qxe7 27. Rxe7+ Kh6 28. Rxb7 a6 29. Rc7 Re8 30. Kf2 Kg5
31. Rd7 h6 32. Rxd5+ f5 33. g3 Re6 34. a4 bxa4 35. bxa4 Kf6 36. c4 Ke7 37. c5 Rc6 38. Ke3 Ke6 39. Re5+ Kf6 40. h4 h5
41. Kf4 a5 42. g4 fxg4 43. fxg4 hxg4 44. Kxg4
1-0

[Event " Blitz RR (Sep 2016) 1400-1799"]
[Site "SchemingMind.com"]
[Date "2016.08.23"]
[Round "-"]
[White "Simon Green"]
[Black "Andreas Flato"]
[Result "0-1"]
[WhiteCountry "ENG"]
[BlackCountry "GER"]
[WhiteElo "1615"]
[WhiteRD "58"]
[BlackElo "1887"]
[BlackRD "98"]
[GameID "402853"]

1. d4 e6 2. e3 Nf6 3. Bd3 d5 4. f4 Bd6 5. Nf3 O-O 6. O-O c5 7. c3 c4 8. Bc2 b5 9. b4 cxb3 10. axb3 a5
11. Nbd2 Bb7 12. Ne5 Nbd7 13. Ndf3 Ne4 14. Bxe4 dxe4 15. Nxd7 Qxd7 16. Ba3 exf3 17. Bxd6 Qxd6 18. gxf3 Bc6 19. Qe2 a4 20. b4 Qd5
21. e4 Qh5 22. Qg2 f5 23. e5 h6 24. Kh1 g5 25. fxg5 hxg5 26. Rac1 Bd5 27. Rf2 Rf7 28. Rg1 Rg7 29. Qf1 g4 30. Qxb5 g3
0-1

[Event " Blitz RR (Sep 2016) 1400-1799"]
[Site "SchemingMind.com"]
[Date "2016.08.22"]
[Round "-"]
[White "Andreas Flato"]
[Black "Wojtek26"]
[Result "1-0"]
[WhiteCountry "GER"]
[BlackCountry "POL"]
[WhiteElo "1887"]
[WhiteRD "98"]
[BlackElo "1469"]
[BlackRD "44"]
[GameID "402854"]

1. e4 e5 2. d3 Nf6 3. Nf3 Nc6 4. Be2 Bc5 5. O-O O-O 6. Nc3 h6 7. a3 Re8 8. b4 Be7 9. h3 d5 10. exd5 Nxd5
11. Nxd5 Be6 12. Nxe7+ Qxe7 13. Bb2 f6 14. Nh4 Bf7 15. Bh5 Bxh5 16. Qxh5 Qf7 17. Qg4 Qd5 18. Nf5 g5 19. Qh5 Ne7 20. Nxe7+ Rxe7
21. Qg6+ Rg7 22. Qxf6 Rf8 23. Qxe5 Qxe5 24. Bxe5 Rgf7 25. d4 h5 26. c4 g4 27. h4 c6 28. a4 b6 29. Ra3 Re8 30. c5 bxc5
31. bxc5 Ref8 32. Rb3 Kh7 33. a5 Kg6 34. a6 Re8 35. Rb7 Ree7 36. Rfb1 g3 37. fxg3
1-0

[Event " Blitz RR (Sep 2016) 1400-1799"]
[Site "SchemingMind.com"]
[Date "2016.08.22"]
[Round "-"]
[White "Wojtek26"]
[Black "Andreas Flato"]
[Result "1/2-1/2"]
[WhiteCountry "POL"]
[BlackCountry "GER"]
[WhiteElo "1469"]
[WhiteRD "44"]
[BlackElo "1887"]
[BlackRD "98"]
[GameID "402855"]

1. d4 e6 2. c4 Nf6 3. Nf3 c5 4. e3 b6 5. Be2 Bb7 6. O-O Be7 7. Nc3 O-O 8. b3 d5 9. Bb2 Nbd7 10. Qc2 Ne4
11. cxd5 Nxc3 12. Qxc3 exd5 13. dxc5 Bf6 14. Qc2 Nxc5 15. Bxf6 Qxf6 16. Nd4 Ne4 17. Qc7 Rab8 18. Bf3 Nd2 19. Rfd1 Nxf3+ 20. Nxf3 Rfc8
21. Qe5 Qg6 22. Rac1 d4 23. Ng5 f6 24. Qe6+ Kf8 25. Qd6+=
1/2-1/2

[Event " Blitz RR (Sep 2016) 1400-1799"]
[Site "SchemingMind.com"]
[Date "2016.08.26"]
[Round "-"]
[White "Lusi"]
[Black "Quaff"]
[Result "1-0"]
[WhiteCountry "POR"]
[BlackCountry "ENG"]
[WhiteElo "1869"]
[WhiteRD "112"]
[BlackElo "1587"]
[BlackRD "61"]
[GameID "403014"]

1. e4 e5 2. Nf3 d6 3. Bc4 h6 4. d4 exd4 5. Qxd4 Nf6 6. O-O Be7 7. Nc3 a6 8. e5 dxe5 9. Qxd8+ Bxd8 10. Nxe5 O-O
11. Bf4 Nbd7 12. Rad1 Nxe5 13. Bxe5 Bf5 14. Bb3 c6 15. Rfe1 Re8 16. h3 Be6 17. Bd4 Bxb3 18. cxb3 Rc8 19. Na4 Nd5 20. Rxe8+
1-0

[Event " Blitz RR (Sep 2016) 1400-1799"]
[Site "SchemingMind.com"]
[Date "2016.08.27"]
[Round "-"]
[White "Quaff"]
[Black "Lusi"]
[Result "0-1"]
[WhiteCountry "ENG"]
[BlackCountry "POR"]
[WhiteElo "1587"]
[WhiteRD "61"]
[BlackElo "1869"]
[BlackRD "112"]
[GameID "403015"]

1. e4 e5 2. Nf3 Nc6 3. Bc4 Bc5 4. c3 Nf6 5. d3 O-O 6. Bg5 h6 7. Bh4 Be7 8. Bxf6 Bxf6 9. Nbd2 d6 10. h3 Na5
11. b4 Nxc4 12. Nxc4 Re8 13. Nh2 d5 14. exd5 Qxd5 15. O-O e4 16. Ne3 Qxd3 17. Qxd3 exd3 18. Nd5 Be5 19. f4 Be6 20. fxe5 Bxd5
21. Ng4 Rad8 22. a4 Bb3 23. a5 d2 24. Rfd1 f6 25. Kf2 fxe5 26. Ne3 e4 27. Rab1 Bxd1 28. Nxd1 e3+ 29. Ke2 Re7 30. Rb3 Rf8
31. Nxe3 Rd8 32. Rb1 Rxe3+
0-1

[Event " Blitz RR (Sep 2016) 1400-1799"]
[Site "SchemingMind.com"]
[Date "2016.08.26"]
[Round "-"]
[White "Lusi"]
[Black "Andreas Flato"]
[Result "1-0"]
[WhiteCountry "POR"]
[BlackCountry "GER"]
[WhiteElo "1869"]
[WhiteRD "112"]
[BlackElo "1887"]
[BlackRD "98"]
[GameID "403016"]

1. e4 e5 2. Nf3 f6 3. Bc4 d6 4. d4 Be7 5. O-O Bg4 6. h3 Bd7 7. dxe5 b5 8. Bxg8 Rxg8 9. Qd5 Rf8 10. Qxa8 Bc6
11. Qxa7 Bxe4 12. exd6
1-0

[Event " Blitz RR (Sep 2016) 1400-1799"]
[Site "SchemingMind.com"]
[Date "2016.08.27"]
[Round "-"]
[White "Andreas Flato"]
[Black "Lusi"]
[Result "1-0"]
[WhiteCountry "GER"]
[BlackCountry "POR"]
[WhiteElo "1887"]
[WhiteRD "98"]
[BlackElo "1869"]
[BlackRD "112"]
[GameID "403017"]

1. e4 e5 2. Nc3 Nf6 3. Bc4 Be7 4. d3 O-O 5. Nf3 Nc6 6. a3 d6 7. O-O a6 8. Ba2 Be6 9. Nd5 Nxd5 10. exd5 Nd4
11. dxe6 Nxe6 12. Bd2 Bf6 13. c3 Nc5 14. Be3 e4 15. dxe4 Nxe4 16. Rb1 Bxc3 17. Qd3 Nxf2 18. Qxc3 Ng4 19. Bd4 g6 20. Bh8
1-0

[Event " Blitz RR (Sep 2016) 1400-1799"]
[Site "SchemingMind.com"]
[Date "2016.08.26"]
[Round "-"]
[White "Lusi"]
[Black "emvarela"]
[Result "0-1"]
[WhiteCountry "POR"]
[BlackCountry "ARG"]
[WhiteElo "1822"]
[WhiteRD "112"]
[BlackElo "1728"]
[BlackRD "49"]
[GameID "403018"]

1. e4 e5 2. Nf3 Nc6 3. Bc4 Bc5 4. O-O Nf6 5. Nc3 h6 6. a3 O-O 7. d3 d6 8. Na4 a6 9. Bd5 Nxd5 10. exd5 Ne7
11. c4 b5 12. Nxc5 dxc5 13. Nxe5 Bf5 14. Be3 f6 15. Nf3 Qd6 16. h3 c6 17. Nh4 Bh7 18. dxc6 Nxc6 19. Qg4 f5 20. Qd1 f4
21. Bc1 Qxd3 22. cxb5 axb5 23. Qg4 Nd4 24. Bxf4 Ne2+ 25. Kh1 Nxf4 26. Rad1 Qc2 27. Rd7 Ng6 28. Rfd1 Rae8 29. Rb7 Qe4 30. Rdd7 Qe1+
31. Kh2 Qe5+ 32. g3 Rxf2+ 33. Ng2 Re7 34. Rxb5 Rxd7 35. Qxd7 Rxg2+ 36. Kxg2 Nh4+ 37. Kf1 Qf6+ 38. Ke2 Qf3+ 39. Kd2 Qf2+ 40. Kc3 Qc2#
0-1

[Event " Blitz RR (Sep 2016) 1400-1799"]
[Site "SchemingMind.com"]
[Date "2016.08.26"]
[Round "-"]
[White "emvarela"]
[Black "Lusi"]
[Result "0-1"]
[WhiteCountry "ARG"]
[BlackCountry "POR"]
[WhiteElo "1712"]
[WhiteRD "48"]
[BlackElo "1869"]
[BlackRD "112"]
[GameID "403019"]

1. e4 e5 2. Nf3 Nc6 3. Bb5 d6 4. d4 exd4 5. Bxc6+ bxc6 6. Nxd4 Bb7 7. Nc3 c5 8. Nb3 Nf6 9. Bg5 Be7 10. Bxf6 Bxf6
11. f3 c6 12. Qd2 O-O 13. O-O-O a5 14. Qxd6 Qb6 15. Qxc5 Qc7 16. Ne2 a4 17. Nbd4 Ra5 18. Qc4 Ba6 19. Qxc6 Qxc6 20. Nxc6 Rc5
21. Ncd4 Rb8 22. c3 h6 23. Kc2 Rd8 24. Nf4 Rxd4 25. Rxd4 Bxd4 26. Rd1 Be3 27. Rd6 Bc4 28. Nd5 Bg1 29. Nb6 Bxh2 30. Rd8+ Kh7
0-1

[Event " Blitz RR (Sep 2016) 1400-1799"]
[Site "SchemingMind.com"]
[Date "2016.08.26"]
[Round "-"]
[White "Lusi"]
[Black "Simon Green"]
[Result "0-1"]
[WhiteCountry "POR"]
[BlackCountry "ENG"]
[WhiteElo "1869"]
[WhiteRD "112"]
[BlackElo "1615"]
[BlackRD "58"]
[GameID "403020"]

1. e4 e6 2. d4 d5 3. e5 c5 4. c3 c4 5. b3 b5 6. a4 Bd7 7. axb5 Bxb5 8. Na3 Qb6 9. bxc4 dxc4 10. Rb1 a6
11. Nxc4 Qc7 12. Ne3 Bxf1 13. Nxf1 Qxc3+ 14. Qd2 Qxd2+ 15. Bxd2 Ne7 16. Ne3 Nbc6 17. Nf3 Nd5 18. O-O Be7 19. Rb7 O-O 20. Rfb1 a5
21. Nxd5 exd5 22. Rc1 Nd8 23. Rxe7 Ne6 24. Ra1 a4 25. Bb4 Rfb8 26. Bd2 a3 27. h3 h6 28. Rd7 a2 29. Bc3 Rb3 30. Rxd5 Rxc3
31. Rb5 Nc7 32. Rb2 Rca3 33. Nd2 Nd5 34. Rb5 Nc3 35. Rc5 Ne2+ 36. Kh2 Nxd4 37. f4 Rd3
0-1

[Event " Blitz RR (Sep 2016) 1400-1799"]
[Site "SchemingMind.com"]
[Date "2016.08.26"]
[Round "-"]
[White "Simon Green"]
[Black "Lusi"]
[Result "0-1"]
[WhiteCountry "ENG"]
[BlackCountry "POR"]
[WhiteElo "1615"]
[WhiteRD "58"]
[BlackElo "1869"]
[BlackRD "112"]
[GameID "403021"]

1. d4 d5 2. e3 Nf6 3. f4 Bf5 4. Nf3 e6 5. Bd3 Be7 6. O-O c5 7. c3 O-O 8. Nbd2 Nc6 9. Ne5 Bxd3 10. Nxd3 b6
11. Nf3 Rc8 12. Nde5 cxd4 13. exd4 Ne4 14. Nxc6 Rxc6 15. Ne5 Rc8 16. Qg4 Nd6 17. Qh3 b5 18. Bd2 f6 19. Qxe6+ Kh8 20. Nf3 Nc4
21. b3 Nxd2 22. Nxd2 Rxc3 23. Nf3 b4 24. Rac1 Re8 25. Rxc3 bxc3 26. Qe3 Qc8 27. Rc1 Bb4 28. Qd3 Qc7 29. g3 Qa5 30. a4 Qb6
31. Ne1 Ba3 32. Rb1 Bb2 33. Nc2 Qxb3
0-1

[Event " Blitz RR (Sep 2016) 1400-1799"]
[Site "SchemingMind.com"]
[Date "2016.08.29"]
[Round "-"]
[White "Wojtek26"]
[Black "Lusi"]
[Result "0-1"]
[WhiteCountry "POL"]
[BlackCountry "POR"]
[WhiteElo "1469"]
[WhiteRD "44"]
[BlackElo "1869"]
[BlackRD "112"]
[GameID "403023"]

1. d4 d5 2. c4 dxc4 3. e3 e6 4. Bxc4 Nf6 5. Nf3 Be7 6. O-O O-O 7. b3 a6 8. Bb2 Nbd7 9. Nbd2 b5 10. Be2 Bb7
11. Qc2 Rc8 12. Qd1 c5 13. Rc1 Bd5 14. h3 Ne4 15. Nxe4 Bxe4 16. dxc5 Nxc5 17. Bd4 Qa5 18. Qd2 Qd8 19. Bxc5 Bxc5 20. Qxd8 Rfxd8
21. Ng5 Bg6 22. Bf3 a5 23. Bb7 Rb8 24. Be4 Be7 25. Bxg6 Bxg5 26. Be4 h6 27. Rc2 Rd6 28. Rfc1 Bf6 29. Rc8+ Rd8 30. R8c2 Kf8
31. Kf1 Be7 32. Bf3 e5 33. Be4 g6 34. Bf3 Kg7 35. Rc7 Bd6 36. R7c6 Ba3 37. R1c2 h5
0-1